[Event "Rheinland Pfalz Seniors op 20th"]
[Site "Altenkirchen"]
[Date "2023.09.07"]
[Round "3"]
[White "Schulze Forsthoevel, Manfred"]
[Black "Schmidt, Peter4"]
[Result "1/2-1/2"]
[WhiteElo "1578"]
[BlackElo "1172"]
[PlyCount "82"]
[EventDate "2023.09.05"]
[EventType "swiss"]
[EventRounds "9"]
[EventCountry "GER"]
[SourceTitle "CBM 216 Extra"]
[Source "ChessBase"]
[SourceDate "2023.11.30"]
[SourceVersion "1"]
[SourceVersionDate "2023.11.30"]
[SourceQuality "1"]

1. Nf3 d6 2. d4 Nf6 3. Bg5 Ne4 4. Bh4 Bg4 5. Nbd2 Nxd2 6. Nxd2 g6 7. f3 Bd7 8. e4 Bg7 9. c3 0-0 10. Qb3 a6 11. Qxb7 Bc6 12. Qb3 Be8 13. Qc2 Nc6 14. Nb3 Bf6 15. Qf2 e5 16. Bxf6 Qxf6 17. d5 Ne7 18. c4 Bd7 19. Bd3 Qg7 20. c5 f5 21. c6 fxe4 22. Bxe4 Bf5 23. Bxf5 Nxf5 24. Qd2 Nh4 25. 0-0 Nf5 26. Rad1 Rab8 27. g4 Ne7 28. Qc3 Qf7 29. Qa5 Rb6 30. Kg2 Qg7 31. Qc3 g5 32. Rf2 Ng6 33. Kf1 Nf4 34. Kg1 Nh3+ 35. Kg2 Nxf2 36. Kxf2 Qh6 37. Kg2 Rb5 38. a4 Rbb8 39. Na5 e4 40. Rf1 exf3+ 41. Rxf3 Rxf3 1/2-1/2

[Event "Altenkirchen Seniors op 19th"]
[Site "Altenkirchen"]
[Date "2022.07.27"]
[Round "9"]
[White "Pfaff, Helmut"]
[Black "Schulze Forsthoevel, Manfred"]
[Result "0-1"]
[WhiteElo "1201"]
[BlackElo "1599"]
[PlyCount "88"]
[EventDate "2022.07.19"]
[EventType "swiss"]
[EventRounds "9"]
[EventCountry "GER"]
[SourceTitle "EXT 2023"]
[Source "ChessBase"]
[SourceDate "2022.10.05"]
[SourceVersion "1"]
[SourceVersionDate "2022.10.05"]
[SourceQuality "1"]

1. c4 f5 2. d4 Nf6 3. Nc3 g6 4. f3 Bg7 5. e4 d6 6. Bd3 fxe4 7. fxe4 e5 8. d5 0-0 9. Nf3 Bg4 10. Be2 Na6 11. Ng5 Bd7 12. 0-0 h6 13. Ne6 Bxe6 14. dxe6 Nc5 15. Bf3 Nxe6 16. Nd5 Nxd5 17. exd5 Nd4 18. Be3 Nxf3+ 19. gxf3 Qd7 20. Rb1 b6 21. a4 Rf7 22. b4 Raf8 23. Kg2 e4 24. f4 g5 25. Kg3 gxf4+ 26. Bxf4 Be5 27. Qg4+ Qxg4+ 28. Kxg4 Rxf4+ 29. Rxf4 Rxf4+ 30. Kh3 Rf2 31. Rg1+ Kh7 32. Rg2 Rxg2 33. Kxg2 Kg6 34. h3 Kf5 35. Kf2 Kf4 36. Ke2 Bd4 37. a5 Bc3 38. axb6 axb6 39. c5 bxc5 40. b5 Bd4 41. h4 h5 42. Kd2 Kf3 43. Kd1 Kf2 44. Kd2 e3+ 0-1

[Event "Muensterland Verbandsklasse 2122"]
[Site "Germany"]
[Date "2021.11.06"]
[Round "2.1"]
[White "Siebald, Joerg"]
[Black "Schulze Forsthoevel, Manfred"]
[Result "1-0"]
[WhiteElo "1725"]
[BlackElo "1502"]
[PlyCount "135"]
[EventDate "2021.09.25"]
[EventType "team-tourn"]
[EventRounds "2"]
[EventCountry "GER"]
[SourceTitle "EXT 2023"]
[Source "ChessBase"]
[SourceDate "2022.10.05"]
[SourceVersion "1"]
[SourceVersionDate "2022.10.05"]
[SourceQuality "1"]
[WhiteTeam "Emsdetten Rochade III"]
[BlackTeam "Heiden II"]
[WhiteTeamCountry "GER"]
[BlackTeamCountry "GER"]

1. e4 d5 2. exd5 Qxd5 3. Nc3 Qe5+ 4. Qe2 Qxe2+ 5. Bxe2 a6 6. Bf3 Nf6 7. Nge2 e5 8. d4 Nbd7 9. 0-0 Bd6 10. Re1 0-0 11. Be3 Rb8 12. Ng3 exd4 13. Bxd4 c5 14. Be3 Ne5 15. Be2 Neg4 16. Bd2 b5 17. a3 c4 18. h3 Bxg3 19. fxg3 Ne5 20. Bf4 Re8 21. Bxc4 bxc4 22. Bxe5 Rxb2 23. Bxf6 Re6 24. Rxe6 Bxe6 25. Bd4 Rxc2 26. Ra2 Rc1+ 27. Kf2 Bf5 28. Re2 h5 29. Re8+ Kh7 30. Re7 Kg6 31. Re1 Rc2+ 32. Re2 Rc1 33. Ne4 Bd7 34. Ke3 Bb5 35. Nc3 Bc6 36. Kd2 Rf1 37. Rf2 Rh1 38. Nd1 Rh2 39. Ne3 Be4 40. Rf1 f5 41. Ke1 Bxg2 42. Rf2 Rh1+ 43. Nf1 Bxf1 44. Rxf1 Rxh3 45. Rg1 Kh6 46. Kf2 Rh2+ 47. Kf3 g5 48. Re1 h4 49. Re6+ Kh7 50. Rxa6 h3 51. g4 Rd2 52. Ra7+ Kg8 53. Ra8+ Kf7 54. Be3 h2 55. Rh8 fxg4+ 56. Kxg4 Rd3 57. Bc5 Rd2 58. Bb4 Ra2 59. Kxg5 Ke6 60. Kf4 Kd5 61. Rh5+ Kd4 62. Bc5+ Kd3 63. Rh3+ Kc2 64. Rxh2+ Kb3 65. Rxa2 Kxa2 66. a4 c3 67. Be3 Kb3 68. a5 1-0

[Event "Altenkirchen Seniors op 18th"]
[Site "Altenkirchen"]
[Date "2021.07.03"]
[Round "2"]
[White "Schulze Forsthoevel, Manfred"]
[Black "Speicher, Franz"]
[Result "0-1"]
[WhiteElo "1543"]
[BlackElo "1900"]
[PlyCount "88"]
[EventDate "2021.07.02"]
[EventType "swiss"]
[EventRounds "9"]
[EventCountry "GER"]
[SourceTitle "CBM 203 Extra"]
[Source "ChessBase"]
[SourceDate "2021.09.30"]
[SourceVersion "1"]
[SourceVersionDate "2021.09.30"]
[SourceQuality "1"]

1. d4 c5 2. Nc3 cxd4 3. Qxd4 Nc6 4. Qa4 Nf6 5. Bg5 e6 6. Ne4 Be7 7. Bxf6 Bxf6 8. Nd6+ Kf8 9. 0-0-0 Qb6 10. Qa3 Be7 11. Qf3 Ne5 12. Nxc8 Rxc8 13. Qb3 Qxf2 14. Qxb7 Qc5 15. Qb3 Ng4 16. Nh3 Ne3 17. Rd3 Nc4 18. Rc3 Bf6 19. Qxc4 Qxc4 20. Rxc4 Rxc4 21. e3 Rb4 22. c3 Rb6 23. Kc2 Ke7 24. Bc4 Rhb8 25. Bb3 a5 26. Rb1 d5 27. Nf2 Bg5 28. e4 dxe4 29. Nxe4 Bh6 30. g4 Rb5 31. h4 Re5 32. Re1 f5 33. g5 Bxg5 34. hxg5 fxe4 35. c4 Rf8 36. Kc3 Kd6 37. Bc2 Rff5 38. b4 axb4+ 39. Kxb4 Rxg5 40. Rxe4 Rxe4 41. Bxe4 h5 42. a4 Rg4 43. Bf3 e5 44. Kc3 Rg3 0-1